000 00396nam a2200133Ia 4500
003 GCL
008 140319s9999 xx 000 0 ara d
040 _aGCL /
_cGCL
082 0 4 _a390.2444
_bد ف
245 1 0 _aفرنسا والفرنسيون على لسان الرائد طوسون
260 _a[S.N] :
_bدار الهلال للطباعة والنشر ،
_c1989
300 _a151 ص
490 _a
999 _c31779
_d31779